Eliminación por Lógica: Banderas - Estadísticas

Estadísticas generales
  • Esta prueba ha sido intentada 600 veces
  • La puntuación promedio es 6 de 15
Estadísticas de respuestas
Hint Respuesta % Correcto
Mi bandera tiene una luna Turquía
75%
Mi bandera tiene naranja India
74%
Mi bandera tiene más de cinco colores Sudáfrica
69%
Mi bandera NO tiene ni rojo, ni azul, ni blanco Jamaica
57%
Mi bandera tiene tres rayas verticales Francia
55%
Mi bandera tiene negro Egipto
54%
Mi bandera tiene rojo y verde Italia
54%
Mi bandera tiene tres rayas horizontales Rusia
42%
Mi bandera tiene una estrella de más de 10 puntas Argentina
39%
Mi bandera se ha cambiado más de 20 veces Estados Unidos
28%
Mi bandera tiene amarillo China
23%
Mi bandera es más del 50% roja Noruega
20%
Mi bandera tiene más de 20 estrellas Brasil
17%
Soy el país que queda Japón
17%
Mi bandera tiene rojo, azul y blanco Australia
15%
No se encontraron pruebas coincidentes
Distribución de puntuación
Porcentaje de gente con cada puntuación
Porcentaje por número respondido
Historial de tus puntuaciones
No has intentado esta prueba.